000 00515nam a2200181Ia 4500
008 090124s9999 xx 000 0 und d
082 _b27198
100 _aकोरे सुलभा
245 _a स्पर्शिका
250 _a1
260 _bसाहित्य जागर
_c1988
300 _a55
600 _aकोरे सुलभा
630 _a स्पर्शिका
700 _aकोरे सुलभा
730 _a स्पर्शिका
942 _cBOOK
999 _c95683
_d95683